21 Greek Logos Sudden Death - Statistics

General Stats
  • This quiz has been taken 7 times
  • The average score is 6 of 21
Answers on the Grid
Answers color-coded by a green-red scale on the quiz's grid according to % correct below.
Γιώτης
Ανεκ
Turbox
Aspis Bank
Φωκάς
Digea
Ster Cinemas
Ecdl
Nova
Μύλοι Αγίου Γεωργίου
Q
Φίλιππος Νάκας
Το Χαμόγελο Του Παιδιού
Melissa
Λουμίδης
Κίνα
You.gr
Allou
Τσακίρης Μαλλάς
Δέλτα
Καλλιμάνης
Δεσύλλας
Tsakiris
Pc Master
Παγωτομανία
Λέοντος
Εθνικό Συμβούλιο Ραδιοτηλεόραης
Νικάς
Amita
Cosmote
Ίνκα
Ταχυδρομικό Ταμιευτήριο
Γαλαξίας
Creta Farm
Η Καθημερινή
Minoan Lines
 
Answer Stats
Answer % Correct
Γιώτης
75%
Φωκάς
75%
Λουμίδης
75%
Μύλοι Αγίου Γεωργίου
50%
Φίλιππος Νάκας
50%
Το Χαμόγελο Του Παιδιού
50%
Ανεκ
25%
Κίνα
25%
Τσακίρης Μαλλάς
25%
Ecdl
25%
Ster Cinemas
25%
Tsakiris
25%
Turbox
25%
Δεσύλλας
0%
Εθνικό Συμβούλιο Ραδιοτηλεόραης
0%
Νικάς
0%
Ίνκα
0%
Ταχυδρομικό Ταμιευτήριο
0%
Amita
0%
Pc Master
0%
You.gr
0%
No matching quizzes found
Score Distribution
Percent of People with Each Score
Percentile by Number Answered
Your Score History
You have not taken this quiz